Loading...
| Fine Arts - Classical Music | 1 | 0.00 | 0% | 0% | 0% |
| Fine Arts - Other | 1 | 10.00 | 0% | 0% | 800% |
| History - American | 1 | 0.00 | 0% | 0% | 0% |
| History - European | 3 | 6.67 | 0% | 0% | 567% |
| History - Other | 1 | 0.00 | 0% | 0% | 0% |
| History - World | 2 | 5.00 | 0% | 400% | 0% |
| Literature - American | 2 | 5.00 | 0% | 0% | 400% |
| Literature - British | 3 | 10.00 | 0% | 200% | 467% |
| Literature - European | 1 | 0.00 | 0% | 0% | 0% |
| Literature - World | 4 | 10.00 | 2,025% | 200% | 350% |
| Mythology | 1 | 10.00 | 6,400% | 0% | 0% |
| Other | 2 | 5.00 | 0% | 400% | 0% |
| Philosophy | 1 | 10.00 | 0% | 0% | 900% |
| Religion | 1 | 0.00 | 0% | 0% | 0% |
| Science - Biology | 1 | 10.00 | 0% | 600% | 0% |
| Science - Other | 1 | 0.00 | 0% | 0% | 0% |
| Science - Physics | 1 | 0.00 | 0% | 0% | 0% |
| Social Science | 3 | 13.33 | 4,833% | 567% | 0% |